000 00662nam a2200181Ia 4500
008 100920s9999 xx 000 0 und d
082 _b73037
_a24 थ 99
100 _aमंगळवेढेकर राजा.
245 _aबारा भाऊ एक बहीण.
260 _bमधुराज पब्लिकेशन्स प्रायव्हेट लिमिटेड, पुणे 2.
_c1999
300 _a62
_bसाधी
365 _b30
520 _aसायो.
630 _aबारा भाऊ एक बहीण.
650 _aसायो.
730 _aबारा भाऊ एक बहीण.
942 _cBOOK
999 _c714758
_d714755